Регионална библиотека "Любен Каравелов" - Русе

Спомени за вода. Dm (Запис номер 170364)

MARC детайли
000 -Лидер
Контролно поле с фиксирана дължина 01063nam a2200325 c 4500
003 - Код на организацията, давaща контролен номер
Контролно поле BLK
005 - Дата и час на последна редакция
Контролно поле 20250719154108.0
008 - Елементи от данни с фиксирана дължина
fixed length control field 180411b bul|||||r ||||||| ||bul||
010 ## - Наследен системен номер
LC control number KNG00178502000
020 ## - Международен стандартен номер на книга ISBN
Международен стандартен номер на книга ISBN 978-619-00-0058-7
040 ## - Източник на каталожния запис
Идентификатор на билиотеката - собственик на записа BLK
041 ## - Код за език
Код за езика на текст/звукозапис или на отделно заглавие Български
Код за езика КДБФ Български
080 ## - УДК
Текстов определител УДК Българска литература
УДК код - определител по УДК 821.163.2
УДК определител -32
УДК - код + определител 821.163.2-32
100 1# - Редна дума - Автор
Автор Станков, Иван Герасимов
Авторска отговорност първи автор
R(LIN) 364794
139 ## - Редно поле
Редна дума Станков, Иван Герасимов
Авторски знак Стани - С 69
245 10 - Сведения за заглавието
Заглавие Спомени за вода. Dm
Редно поле (дума) Иван Станков.
257 ## - Страна на издаване
Страна на създаване/издаване България
260 ## - Област на издателските данни
Място на издаване, разпространение и проч. Велико Търново
Име на издателя, разпространителя и проч. Фабер
Година на издаване 2014
300 ## - Физическа характеристика
Страници 192 с.
Размери/Мащаб 23 см
380 ## - Жанр
Жанр Худож. лит.
500 ## - Общи забележки
Забележка Съдържа и за авт.
653 ## - Ключова дума – ненормативна
Ключова дума разкази
852 ## - Местоположение
Форматна сигнатура Цб 275526
856 4# - Електронен адрес и достъп
Електронен формат pdf - файл
856 4# - Електронен адрес и достъп
Електронен формат pdf - файл
999 ## - СИСТЕМНИ КОНТРОЛНИ НОМЕРА
Koha biblionumber 170364
Koha biblioitemnumber 170364
942 ## - АРТИКУЛИ
Вид на библиотечния материал Книги
Скрит в OPAC Не
Koha issues (borrowed), all copies 32
Периодичен библиозапис Да
944 ## - СЪЗДАВАНЕ И РЕДАКЦИЯ на ЗАПИСА
Създаване/Редакция Създаване
Дата на регистрацията/редакция 20.07.2015
Статус, дата на статуса Цветомила Тодорова
Служител, извършил регистрацията/редакцията 30576
944 ## - СЪЗДАВАНЕ И РЕДАКЦИЯ на ЗАПИСА
Създаване/Редакция Редакция
Дата на регистрацията/редакция 28.06.2017
Статус, дата на статуса ф /
Служител, извършил регистрацията/редакцията Виолета_Тройчева
999 ## - СИСТЕМНИ КОНТРОЛНИ НОМЕРА
Koha biblioitemnumber 170364
Наличности
Код за отписване Код за изгубен артикул Източник на класификационната схема Код за повреда Коз за рестрикции Код за отдаване Артикулен № Име на библиотеката - собственик Име на библиотеката, в която се намира в момента Статус (Текущо местоположение) Дата на вписване в системата Местоположение - отдел Цена в лева Инвентарен номер Систематично азбучна сигнатура Баркод Номер на екземпляра Цена в евро Служебна бележка Служебен тип на артикула
  Не е изгубен Universal Decimal Classification Не е повреден само за читалня ползва се в читалня 288601 Регионална библиотека "Любен Каравелов" Русе Регионална библиотека "Любен Каравелов" Русе Хранилище 2015-07-21 Основен фонд - ползва се само за читалня 7.80 120000790302 Цб 275526 120000790302 1 3.99 Дост: Pk Вид: Ф N: 522 Дата: 17.07.2015 Книги
  Не е изгубен   Не е повреден без рестрикции заемане за дома 288602 Регионална библиотека "Любен Каравелов" Русе Регионална библиотека "Любен Каравелов" Русе Заемна - подръчен фонд 2015-07-21 Заемна - подръчен фонд 7.80 120000790303 П 886.7-32/С 69 120000790303 2 3.99 Дост: Pk Вид: Ф N: 522 Дата: 17.07.2015 Дата инв: 12.02.2018 Бележки инв: П2018 Книги
  Не е изгубен Universal Decimal Classification Не е повреден   заемане за дома 730454 Регионална библиотека "Любен Каравелов" Русе Регионална библиотека "Любен Каравелов" Русе Заемна - подръчен фонд 2019-07-16 Заемна - подръчен фонд 10.00   П 886.7-32/С 69 120000834100   5.11   Книги
  Не е изгубен Universal Decimal Classification Не е повреден   заемане за дома 804163 Регионална библиотека "Любен Каравелов" Русе Регионална библиотека "Любен Каравелов" Русе Заемна - подръчен фонд 2020-10-28 Заемна - подръчен фонд 7.50   821.163.2-32/С 69 И 120000849456   3.83   Книги
Vip Innovations Ltd, Rousse, Bulgaria 2025